000 00669nam a2200157 4500
001 1780
005 20181127164002.0
090 0 0 _a333.75095498 S67812n 2010
110 _a[Forest Extension Division, Department of Forest Services, Royal Government of Bhutan].
_b
_c
_d
_e
_n
_p
245 0 0 _aCommunity forestry manual for Bhutan, part lI :
_bCommunity forest management planning /
_c[Forest Extension Division, Department of Forest Services, Royal Government of Bhutan].
_h
300 0 0 _a89 leaves
500 _aBound xerographic copy.
650 0 0 _aCommunity forestry -- Bhutan.
_x
650 0 0 _aForest management -- Bhutan.
_x
650 0 0 _aSocial forestry programs --Bhutan.
_x
999 _c1354
_d1354